| 000 | 02115cam a22004934i 4500 | ||
|---|---|---|---|
| 003 | PE-LiUPU | ||
| 005 | 20250731173034.0 | ||
| 008 | 150623s2000 enk rb 000 0 eng d | ||
| 020 | _a1841271527 | ||
| 035 | _a(Sirsi) i9781841271521 | ||
| 040 |
_aPE-LiUPU _bspa _cPE-LiUPU _erda |
||
| 049 | _aPRUA | ||
| 082 | 0 | 4 |
_a221.07 _bJ _221 |
| 100 | 1 |
_aWilliamson, Paul R., _eautor. |
|
| 245 | 1 | 0 |
_aAbraham, Israel and the nations : _bthe patriarchal promise and its covenantal development in genesis. |
| 264 | 1 |
_aSheffield, England : _bSheffield Academic Press, _c2000. |
|
| 300 |
_a312 páginas ; _c24 centímetros. |
||
| 336 |
_atext _2rdacontent |
||
| 337 |
_aunmediated _2rdamedia |
||
| 338 |
_avolume _2rdacarrier |
||
| 490 | 1 |
_aJournal for the Study of the O.T. Suplement Series ; _v315 |
|
| 504 | _aIncluye bibliografía. | ||
| 505 | 0 | _aApproaches to the relationship between Genesis 15 and 17 -- The covenants in Genesis 15 and 17 compared and contrasted -- The promissory focus of the "convenant between the pieces" -- The promissory focus of the "covenant of circumcision" -- The covenantal significance of genesis 17 -- The convenants of genesis 15 and 17 in their present literary context. | |
| 526 | _aSEG42 | ||
| 526 | _aSEG41 | ||
| 526 | _aSEG40 | ||
| 526 | _aSEG39 | ||
| 526 | _aP94 | ||
| 526 | _aP87 | ||
| 526 | _aP86 | ||
| 526 | _aP85 | ||
| 526 | _aP77 | ||
| 526 | _aP76 | ||
| 526 | _aP35 | ||
| 600 | 1 | _aAbraham (Patriarca bíblico) | |
| 630 |
_aBiblia. _pA.T. _PG enesis 15 _xCrítica, interpretación, etc. |
||
| 630 |
_aBiblia. _pA.T. _PG enesis 17 _xCrítica, interpretación, etc. |
||
| 942 |
_2ddc _cBOOK |
||
| 949 |
_a221.07 J _wDEWEY _c1 _i48015 _d2016-11-3 _e2016-10-31 _lCCODEBUL1 _mBUL _n1 _r0 _sY _tBOOK _u2015-6-24 _xTEOLOGIA _PP35 _0COMPRA _o.STAFF. Colección Teología |
||
| 994 |
_aC0 _bPEPRU |
||
| 596 | _a1 | ||
| 999 |
_a221.07 J _wDEWEY _c25563 _i48015 _d25563 _e2016-10-31 _f2021-11-9 _g5 _lCCODEBUL1 _mBUL _n1 _p26.00 _r0 _sY _tBOOK _u2015-6-24 _xTEOLOGIA _PP35 _0COMPRA _o.STAFF. Colección Teología |
||
| 980 |
_81 _gALBERTO SANCHEZ Responsable de Automatización |
||